Statistiques concernant Les constantes de la physique

Cliquez ici pour prendre le quiz!

Statistiques générales

  • Ce quiz a été pris 1 367 fois
  • Le résultat moyen est 6 sur 14

Statistiques - réponses

ValeurRéponse% Correct
299 792 458 m/sVitesse de la lumière dans le vide
85%
6.022.10²³ mol^-1Nombre d'Avogadro
79%
6.67.10^-11 m³.kg^-1.s^-2Constante gravitationnelle
77%
6,63.10^-34 J.sConstante de Planck
64%
101 325 PaPression standard
64%
9,81 m/s²Accélération de la pesanteur terrestre
49%
8,314 J.K^−1.mol^−1Constante des gaz parfaits
34%
1,602.10^-19 A.sCharge élémentaire
23%
1,38.10^-23 J/KConstante de Boltzmann
22%
8,85.10^-12 A².s^4.kg^-1.m^-3Permittivité diélectrique du vide
22%
96 485 C.mol^-1Constante de Faraday
21%
8.988.10^9 kg.m³.A^-2.s^-4Constante de Coulomb
18%
4xπ.10^-7 kg.m.A^-2.s^-2Perméabilité du vide
14%
1.616.10^-35 mLongueur de Planck
7%

Distribution des résultats

Percentile par nombre de réponses

% des personnes avec chaque résultat

Votre développement - résultats

Vous n’avez pas pris ce quiz